00547nam a22001697a 4500003000400000005001700004008004100021020001800062100003300080245006000113260003700173653002600210653002100236653001500257653006000272856004500332OSt20221101141555.0221101b |||||||| |||| 00| 0 eng d a9781139207799 aKleinberg, Samantha eAuthor aCausality, probability, and timecby Samantha Kleinberg bCambridge university pressc2012 aPhilosophy of Science aComputer Science aPhilosophy aArtificial Intelligence and Natural Language Processing uhttps://doi.org/10.1017/CBO9781139207799